States by 'A' Cities Quiz Stats

 Plays Quiz Updated Mar 25, 2016

Challenge
Share
Tweet
Embed
Score 0/18 Timer 05:00
0 Plays Today
% Correct
Texas
98.5%
Georgia
98%
New Mexico
95.7%
New York
94.7%
California
90.2%
Michigan
86.8%
Ohio
86%
Pennsylvania
78%
North Carolina
73.7%
% Correct
Massachusetts
72.2%
Colorado
68.9%
Alabama
67.7%
Iowa
66.9%
Illinois
66%
Arizona
62.7%
Florida
49.2%
Minnesota
48.2%
South Carolina
46.8%

You're not logged in!

Compare scores with friends on all Sporcle quizzes.
Join for Free
OR
Log In

You Might Also Like...

Show Comments

Extras

Top Quizzes Today


Score Distribution

Your Account Isn't Verified!

In order to create a playlist on Sporcle, you need to verify the email address you used during registration. Go to your Sporcle Settings to finish the process.

Report this User

Report this user for behavior that violates our Community Guidelines.

Details: